000 00586nam a2200193 a 4500
001 80677
003 BD-RjUL
005 20221101112821.0
008 221101s1967 ru ||||| |||| 00| 0 eng d
035 _a(BD-RjUL)80677
040 _aBD-RjUL
_beng
_cBD-RjUL
041 _aeng
082 _223
_a947.0841
_bLEN 1967
245 _aFront cover image for Lenin in our life /
_cTranslated from the Russian by T. Kapustin ; Edited by Y. Sdobnikov
600 _aLenin, Vladimir Ilʹich,
_d1870-1924
_95625
700 _aKapustin, T.
_95626
700 _aSdobnikov, Y.
_95627
942 _2ddc
_cBK
999 _c80677
_d80677